LEADER 01390nam a2200313 u 4500 001 000000047718 003 CaOOAMICUS 005 20070226114921.0 008 000119s1983 it u000 u ita u 035 $a10839436 040 $aMSA$bita 100 1 $aPettoello Mantovani, Luciano.$0(OLS)http://pul/name/28715 245 13$aIl valore problematico della scienza penalistica :$b1961-1983 : contro dogmi ed empirismi /$cLuciano Pettoello Mantovani. 250 $a2. ed. /$bcon prefazione e appendice di Th. Wuertenberger. 260 $aMilano :$bGiuffrè,$c1983. 300 $a194 p. ;$c26 cm 490 1 $aRaccolta di studi di diritto penale ;$v31 504 $aBibliografia in nota. 650 4$aDiritto penale.$0(OLS)http://pul/subject/1808 700 1 $aWurtenberger, Thomas.$0(OLS)http://pul/name/34669 830 0$aRaccolta di studi di diritto penale ;$v31.$0(OLS)http://pul/title/64246 850 $aPUL 852 $aPUL$W1$xDP1 Fondo Ciprotti$y59$m1539 F 11$j63725$nBK-PRI$b $qFondi$B63725$CPULBib$Z2$F63725 $H $81 941 1 $a1 960 $aPena (diritto)$91808 960 $aPena (diritto)$91808 961 $aINV: F. Ciprotti 996 $6245$aIl valore problematico della scienza penalistica :$b1961-1983 : contro dogmi ed empirismi$9(OLS)http://pul/title/64245 996 $6260$aMilano :$bGiuffrè$9(OLS)http://pul/publisher/48401 LEADER 01651nam a2200349 u 4500 001 000000031255 003 CaOOAMICUS 005 20070226112123.0 008 970930s1969 it u000 u ita u 035 $a10771038 040 $aPUL(R)$bita 041 1 $aita$heng 100 1 $aHeschel, Abraham Joshua,$d1907-1972.$0(OLS)http://pul/name/400 240 10$aGod in Search of Man : a philosophy of Judaism.$lItaliano.$0(OLS)http://pul/title/42963 245 10$aDio alla ricerca dell'uomo :$b(una filosofia dell'ebraismo) /$cAbraham Joshua Heschel. 260 $aTorino :$bBorla editore,$c1969. 300 $a478 p. ;$c22 cm 490 1 $aDocumenti di cultura moderna ;$v13 500 $aContiene indici. 504 $aBibliografia in nota. 650 4$aTeologia.$0(OLS)http://pul/subject/118 650 4$aFilosofia.$0(OLS)http://pul/subject/362 830 0$aDocumenti di cultura moderna ;$v13.$0(OLS)http://pul/title/15855 850 $aPUL 852 $aPUL$W1$xDP1 Altre Collocazioni$y17$mSenza collocazione$j12$nBK-PRI$b $qStampati$B43185$CPULBib$Z2$F43185 $H $81 852 $aPUL$W1$xSL Religione 1$y3$m7(1) C 1$j43184$nBK-PRI$b $qStampati$B43184$CPULBib$Z2$F43184 $H $81 852 $aPUL$W1$xDP1 Fondo Pastorale$y55$mP13 B 30$j43186$nBK-PRI$b $qFondi$B43186$CPULBib$Z2$F43186 $HPUL2353 $81 941 1 $a8 941 1 $a1 961 $aINV: 37792 996 $6245$aDio alla ricerca dell'uomo :$b(una filosofia dell'ebraismo)$9(OLS)http://pul/title/42964 996 $6260$aTorino :$bBorla editore$9(OLS)http://pul/publisher/61000